000 00459nam a2200169Ia 4500
001 16333
005 20260306170302.0
008 260306t9999||||xx |||||||||||||| ||und||
041 _aESP
082 _a348.3
_bG361
100 _aGobierno Regional de Arequipa
_eAUT
245 0 _aCompendio legislativo:
_bminería artesanal y pequeña descentralización
300 _a552 páginas :
_c28 cm.
650 _aGEN
654 _aCDE
942 _cLIB
_dJUS
_fJUS
_2ddc
_n
999 _c16333
_d16333